| 000 | 00374cam a2200145ua 4500 | ||
|---|---|---|---|
| 041 |
_aeng _h |
||
| 082 |
_a822 _bSHA/CO |
||
| 100 | _aShakespeare, William. | ||
| 245 |
_aComedies of Shakespear / _cWilliam Shakespear. _hTextual Documents |
||
| 260 |
_aCalcutta : _bOxford University Press , _c1962. |
||
| 300 | _a1128 ; . | ||
| 504 | _a | ||
| 942 | _cBK | ||
| 999 |
_c7911 _d7911 |
||